000 00769nam a22002417a 4500
001 25896
003 UA-OsUOA
005 20220203192851.0
007 ta
008 20040429b un ||||| |||| 00| 0 ukr d
020 _a966-7359-06-9
040 _aUA-OsUOA
_bukr
_cUA-OsUOA
_dUA-OsUOA
041 _aukr
044 _aUA
080 _a37.013
090 _a37.013
_bН15
245 _aНавчально-виховний процес у вузі і школі та шляхи його розвитку і удосконалення
_bзбірник праць Міжнародної науково-практичної конференції
_nч. 3
260 _aРівне
_bРЕГІ
_c1999
300 _a368 с.
650 7 _2UDC
942 _cBK
_2udc
955 _a0
999 _c312201
_d312201